000 01888nam a22004211i 4500
001 bslw10110052
003 UtOrBLW
005 20240305165700.0
006 m o d
007 cr un ---uuuua
008 231212s2022 bl ob 000 0 por d
020 _a9786555154580
_q(Ebook)
035 _a42664
040 _aUtOrBLW
_beng
_erda
_cUtOrBLW
043 _as-bl---
050 4 _aKHD256
_bV45 2022
082 0 4 _a347.81016
_223
100 1 _aVeloso, Gracielle,
_eauthor.
245 1 0 _aConcursos de cartório :
_bprática para a segunda fase /
_cGracielle Veloso, autora ; Christiano Cassettari, coordenação.
264 1 _aIndaiatuba, SP :
_bEditora Foco,
_c2022.
300 _a1 online resource (xv, 251 pages)
336 _atext
_btxt
_2rdacontent
337 _acomputer
_bc
_2rdamedia
338 _aonline resource
_bcr
_2rdacarrier
504 _aIncludes bibliographical references.
650 0 _aNotaries
_xLicenses
_zBrazil.
650 0 _aNotaries
_xLicenses
_zBrazil
_xExaminations
_vStudy guides.
650 0 _aNotaries
_zBrazil
_vExaminations, questions, etc.
700 1 _aCassettari, Christiano,
_eeditor.
856 4 0 _uhttps://app.vlex.com/#/sources/42664
912 _a1993
_b12/12/2023
_m10110052
_ncha
_cOE
_o000000-1
_g2020
_h12/20/2023
_d2020
_e12/20/2023
_k1
911 _1Vlex
_2Original
942 _cRAA
970 _d12/20/2023
_aBatch Comment
_kComment
_c082 had an extra space in the $a. Double check the 082's for extra spaces
_t911
_s2
_e1993
_q2020
970 _d12/20/2023
_aComment
_kComment
_cDoes this record need an 043? I thougt we only added thee if the source is in more than one language?
_t970
_sq
_e1993
_q2020
970 _d12/20/2023
_aComment
_kComment
_cNot sure about the first 650. Would divide it into two. Ex. Notaries
_xLicenses
_zBrazil and Notaries
_xLicenses
_zBrazil
_xExaminations
_vStudy guides.
_t970
_sq
_e1993
_q2020
972 _aQCed by 2020
999 _c173365
_d173365